00606 2200181 4500245005200000020002200052250001100074100002200085700001400107650001600121005001900137260003000156041001400186084000800200300002700208500018000235336000900415 aKeluarga Tak KasatmatacBonaventura GentahText a978-979-780-803-7 aCet. 1 aBonaventura Genta aRy Azzura aNovel Horor a20231003133923 aJakartabGagasMediac2016 aIndonesia a813 avi, 122 hlm. :c19 cm. aKata-kata itu mengakhiri mimpi misterius yang datang begitu saja. Apakah ini peringatan agar saya tidak terlalu ikut campur dengan keluarga tak kasatmata yang hadir di kantor? atext